European glossary on education

Salvato in:
Dettagli Bibliografici
Natura: Libro
Lingua:inglese
Pubblicazione: Brussels EURYDICE 2001
Serie:Ready reference
Soggetti:
Tags: Aggiungi Tag
Nessun Tag, puoi essere il primo ad aggiungerne!!

MARC

LEADER 00000nam a2200000 4500
001 c134449
005 20221124103043.3
020 |a 2-87116-333-2 
041 0 |a eng 
044 |a BE 
245 1 0 |a European glossary on education 
264 1 |a Brussels  |b EURYDICE  |c 2001 
300 |a 221 s. 
490 1 |a Ready reference 
830 0 |a Ready reference 
610 2 0 |a vzdelanie 
610 2 0 |a výchova 
610 2 0 |a učitelia 
610 2 0 |a hodnosti pedagogické 
610 2 0 |a hodnosti vedecké 
610 2 0 |a hodnosti vedecko-pedagogické 
610 2 0 |a porovnanie medzinárodné